Responses for Show #6179 - Thursday, June 23, 2011

Jay Rhee game 4.

Contestants

[<< previous game]

Pat Connor, a management consultant from Cummaquid, Massachusetts

Andrew Dobbs, a community organizer and writer from Austin, Texas

Jay Rhee, an oncologist from Annapolis, Maryland (whose 3-day cash winnings total $70,803)

[next game >>]

Jeopardy! Round responses

GENERAL SCIENCE
TV TOE TAGS
CHILDREN'S BOOK NAMES
"N" THE MIDDLE
VIETNAM
THE VEGETABLE GARDEN
    $200 1
(Jay: What is density?)

mass

Jay
Triple Stumper
    $200 6
Desperate Housewives

Jay
    $200 26
[ERRATUM: The co-author's name is spelled "Margret" on the book cover but was misspelled "Margaret" in the clue as shown.]

George

Dobbs
    $200 8
a blender

Jay
    $200 17
France

Dobbs
    $200 16
onions

Dobbs
    $400 2
pollen

Jay
    $400 7
24

Dobbs
    $400 27
Benjamin

Jay
    $400 12
a canal

Pat
    $400 18
(Pat: What is a democratic?)
(Dobbs: What is a People's Republic?)

a socialist

DobbsPat
Triple Stumper
    $400 22
seaweed

Pat
    $600 3
thermoplastic

Triple Stumper
    $600 9
Six Feet Under

Jay
    $600 28
Charlie

Jay
    $600 13
the Algonquin

Pat
    $600 19
the World Trade Organization

Jay
    $600 23
earthworms

Jay
    $800 4
van Leeuwenhoek

Pat
    $800 10
Buffy

Jay
    $800 29
Nancy

Pat
    $800 14
chain-link

Triple Stumper
    $800 20
Nguyen

Dobbs
    $800 24
chrysanthemum

Jay
    $1000 5
quarks

Jay
    $1000 11
(Alex: And that was [*], who had starred on M*A*S*H before that.)

McLean Stevenson

Triple Stumper
    $1000 30
(Dobbs: What is Ramona?)

Ralph

Dobbs
Triple Stumper
    $1000 15
money

Triple Stumper
    $1000 21
the Hanoi Hilton

Dobbs
    $1000 25
a radish

Pat

Scores at the first commercial break (after clue 13):

Jay Dobbs Pat
$3,000 $400 $1,800

Scores at the end of the Jeopardy! Round:

Jay Dobbs Pat
$6,000 $1,400 $3,600

Double Jeopardy! Round responses

REIGN MAN
CHARIOTS OF FIRE
TERMS OF ENDEARMENT
GONE "D"
SNOUT OF AFRICA
& OTHER '80s OSCAR WINNERS
    $400 13
Peter the Great

Pat
    $400 20
Darling

Pat
    $400 1
dinosaurs

Jay
    $400 18
a giraffe

Jay
    $400 26
[The end-of-round signal sounds]

Sissy Spacek

Pat
    $800 14
(Dobbs: Who is Edward VI?)
(Pat: Who is George VI?)

George V

DobbsPat
Triple Stumper
    $800 21
dumpling

Dobbs
    $800 5
the Deutsch mark

Dobbs
    $800 19
an eggtooth

Jay
    $2,000 15
(Pat: Who was Louis XIV?)

Louis XV

Pat
    $1200 8
the Batmobile

Jay
    $1200 10
a pumpkin

Pat
    $1200 6
the Death Star

Jay
    $1200 23
mammoths & mastodons

Dobbs
    $1200 2
(Dobbs: Who is Olivier?)

John Gielgud

JayDobbs
    $1600 16
(Pat: Who is Ferdinand?)

Philip II

Pat
Triple Stumper
    $1600 9
Chevy

Jay
    $1600 4
"Honey Bunch"

Dobbs
    $1600 7
Detroit

Jay
    $5,000 3
Hannah and Her Sisters

Jay
    $2000 17
King Olaf

Triple Stumper
    $2000 24
Pontiac

Dobbs
    $2000 11
(Jay: What is mon ami?)
(Dobbs: What is mi amor?)
[NOTE: This was the 210,000th clue entered into the J! Archive, 2011-06-27.]

mon amour

JayDobbsPat
    $2000 12
the Dunes

Triple Stumper
    $2000 25
a sandstorm

Jay
    $2000 22
The Fly

Pat

Scores at the end of the Double Jeopardy! Round:

Jay Dobbs Pat
$19,400 $3,800 $5,600
(lock game)

[wagering suggestions for these scores]

Final Jeopardy! Round responses

LITERARY SEQUELS
DobbsWhat is. . .
$3,799
PatWhat is The Picture of Dorian Gray?
$2,001
JayWhat is the Man in the Iron Mask?
$4,400
Through the Looking-Glass

Final scores:

Jay Dobbs Pat
$15,000 $1 $3,599
4-day champion: $85,803 3rd place: $1,000 2nd place: $2,000

Game dynamics:

Coryat scores:

Jay Dobbs Pat
$16,000 $3,800 $7,600
21 R
(including 1 DD),
2 W
11 R,
5 W
12 R
(including 1 DD),
4 W
(including 1 DD)

Combined Coryat: $27,400

[game clues] [game scores] [suggest correction]

Game tape date: 2011-03-01
The J! Archive is created by fans, for fans. Scraping, republication, monetization, and malicious use prohibited; this site may use cookies and collect identifying information. See terms. The Jeopardy! game show and all elements thereof, including but not limited to copyright and trademark thereto, are the property of Jeopardy Productions, Inc. and are protected under law. This website is not affiliated with, sponsored by, or operated by Jeopardy Productions, Inc. Join the discussion at JBoard.tv.